[Event "Sao Bernardo do Campo op"]
[Site "Sao Bernardo do Campo"]
[Date "2012.09.15"]
[Round "3"]
[White "Da Costa, Guilherme Araujo"]
[Black "Alboredo, Julia"]
[Result "0-1"]
[WhiteElo "1800"]
[BlackElo "1766"]
[PlyCount "136"]
[EventDate "2012.09.14"]
[EventType "swiss"]
[EventRounds "6"]
[EventCountry "BRA"]
[SourceTitle "CBM 150 Extra"]
[Source "ChessBase"]
[SourceDate "2012.10.19"]
[SourceVersion "1"]
[SourceVersionDate "2012.10.19"]
[SourceQuality "1"]

1. e4 d6 2. Nc3 Nf6 3. Nf3 c6 4. d4 Qa5 5. Bd2 Qc7 6. h3 e5 7. dxe5 dxe5 8. Bc4 b5 9. Bd3 Be7 10. Be3 Nbd7 11. Ne2 0-0 12. Ng3 Nc5 13. Bxc5 Bxc5 14. 0-0 h6 15. Nh4 Rd8 16. Qf3 Bf8 17. Nhf5 Bxf5 18. Nxf5 Nd7 19. Rad1 Nc5 20. Rfe1 g6 21. Qg4 Kh7 22. Ng3 Nxd3 23. cxd3 Rd7 24. Re3 Rad8 25. h4 h5 26. Nxh5 gxh5 27. Qf5+ Kh8 28. Qxh5+ Kg8 29. Rg3+ Bg7 30. Qg5 f6 31. Qxf6 Rf7 32. Qg5 Qe7 33. Qxe7 Rxe7 34. Rg6 c5 35. h5 Kh7 36. b3 c4 37. bxc4 bxc4 38. Rg3 c3 39. Rc1 Rc7 40. Rc2 Bh6 41. Kf1 Rb8 42. Ke2 Rb2 43. Kd1 Bd2 44. Rg6 Rxc2 45. Kxc2 Rb7 46. Rc6 Rb2+ 47. Kd1 Rxa2 48. g4 a5 49. g5 Bxg5 50. Rxc3 a4 51. Rc5 Bf4 52. Rc6 Rxf2 53. Ra6 Ra2 54. Ke1 a3 55. Kd1 Rd2+ 56. Kc1 Rxd3+ 57. Kb1 Rb3+ 58. Ka2 Re3 59. Rxa3 Rxa3+ 60. Kxa3 Kh6 61. Kb3 Kxh5 62. Kc3 Kg4 63. Kc4 Kf3 64. Kd3 Bg5 65. Kc2 Kxe4 66. Kd1 Kd3 67. Ke1 e4 68. Kd1 e3 0-1

[Event "Sao Bernardo do Campo op"]
[Site "Sao Bernardo do Campo"]
[Date "2012.09.14"]
[Round "1"]
[White "Da Costa, Guilherme Araujo"]
[Black "Serafim, Arnor Jr"]
[Result "0-1"]
[WhiteElo "1800"]
[BlackElo "1865"]
[PlyCount "52"]
[EventDate "2012.09.14"]
[EventType "swiss"]
[EventRounds "6"]
[EventCountry "BRA"]
[SourceTitle "CBM 150 Extra"]
[Source "ChessBase"]
[SourceDate "2012.10.19"]
[SourceVersion "1"]
[SourceVersionDate "2012.10.19"]
[SourceQuality "1"]

1. e4 c5 2. Nf3 Nc6 3. d4 cxd4 4. Nxd4 Nf6 5. Nc3 e6 6. Bd3 Nxd4 7. 0-0 Nc6 8. Bg5 Be7 9. Re1 d6 10. Ne2 0-0 11. Ng3 h6 12. Bxf6 Bxf6 13. c3 Qb6 14. Nh5 Bg5 15. Rb1 e5 16. Qf3 Be6 17. a3 Ne7 18. Qg3 Ng6 19. Be2 Bh4 20. Qf3 f5 21. g3 fxe4 22. Qg2 Bg5 23. h4 Rxf2 24. Qxf2 Be3 25. Qxe3 Qxe3+ 26. Kh1 Qb6 0-1